书目信息 |
| 题名: |
电介质材料及其介电性能
|
|
| 作者: | R.科埃略 , B.阿拉德尼兹 著 ;张治文 , 陈玲 译 | |
| 分册: | ||
| 出版信息: | 北京 科学出版社 2000.03 |
|
| 页数: | 204页 | |
| 开本: | 20cm | |
| 丛书名: | ||
| 单 册: | ||
| 中图分类: | TM21 | |
| 科图分类: | ||
| 主题词: | 绝缘材料--介电性质 , 电介质--材料 | |
| 电子资源: | ||
| ISBN: | 7-03-007836-5 | |
| 000 | 00769nam0 2200241 45 | |
| 001 | 0104051494 | |
| 005 | 20031219104049.3 | |
| 010 | @a7-03-007836-5@dCNY17.00 | |
| 100 | @a20010405d2000 km y0chiy0120 ea | |
| 101 | 0 | @achi |
| 105 | @a z 000yy | |
| 200 | 1 | @a电介质材料及其介电性能@ADian Jie Zhi Cai Liao Ji Qi Jie Dian Xing Neng@f(法)R.科埃略,B.阿拉德尼兹著@F(Fa)R.Ke Ai Lue,B.A La De Ni Zi Zhu@g张治文,陈玲译 |
| 210 | @a北京@c科学出版社@d2000.03 | |
| 215 | @a204页@d20cm | |
| 606 | 0 | @a绝缘材料@x介电性质 |
| 606 | 0 | @a电介质@x材料 |
| 690 | @aTM21@v1 | |
| 701 | 0 | @aR.科埃略@4著 |
| 701 | 0 | @aB.阿拉德尼兹@4著 |
| 702 | 0 | @a张治文@AZhang Zhi Wen@4译 |
| 702 | 0 | @a陈玲@AChen Ling@4译 |
| 801 | @aCN@bTSTC@c20010514 | |
| 905 | @a213230@f3@b296345-347@dTM21@e9 | |
| 电介质材料及其介电性能/(法)R.科埃略,B.阿拉德尼兹著/张治文,陈玲译.-北京:科学出版社,2000.03 |
| 204页;20cm |
| ISBN 7-03-007836-5:CNY17.00 |
| ● |
| 相关链接 |
|
|
|
|
正题名:电介质材料及其介电性能
索取号:TM21/9
 
预约/预借
| 序号 | 登录号 | 条形码 | 馆藏地/架位号 | 状态 | 备注 |
| 1 | 0296345 | 002963458 | 第三借阅区/ [索取号:TM21/9] | 在馆 | |
| 2 | 0296346 | 002963467 | 第三借阅区/ [索取号:TM21/9] | 在馆 | |
| 3 | 0296347 | 002963476 | 第二样本阅览室/ [索取号:TM21/9] | 在馆 |